Statistics for Top 10 Buisiest Airports in Asia

Click here to take the quiz!

General Stats

  • This quiz has been taken 660 times
  • The average score is 8 of 10

Answer Stats

Hint Answer % Correct
1Beijing
97%
2Tokyo
96%
9Shanghai
90%
3Hong Kong
89%
7Singapore
87%
6Bangkok
81%
4Jakarta
78%
10Kuala Lumpur
72%
5Dubai
67%
8Guangzhou
63%

Score Distribution

Percentile by Number Answered

Percent of People with Each Score

Your Score History

You have not taken this quiz